Introduction to matrix analysis
Na minha lista:
| Autor principal: | |
|---|---|
| Formato: | Livro |
| Idioma: | inglês |
| Publicado em: |
Nueva York
McGraw-Hill
1960
|
| Assuntos: | |
| Tags: |
Adicionar Tag
Sem tags, seja o primeiro a adicionar uma tag!
|
MARC
| LEADER | 00000nam a2200000 a 4500 | ||
|---|---|---|---|
| 001 | UCU3199 | ||
| 003 | CL-VaPUC | ||
| 008 | 960502e19600000US |||||||||||||||||eng|d | ||
| 082 | 0 | 4 | |a 512.943 |b BEL |2 21 |
| 100 | 0 | |a Bellman, Richard |e author |9 359993 | |
| 245 | 1 | 0 | |a Introduction to matrix analysis |
| 300 | |a 328 p | ||
| 942 | |c BK | ||
| 945 | |d 19960502 00:00:00 |a paguirre | ||
| 260 | |a Nueva York |b McGraw-Hill |c 1960 | ||
| 650 | 0 | |a Matrices |9 22 | |
| 650 | 0 | |a Vectores |9 317184 | |
| 650 | 0 | |a Álgebra vectorial |9 269971 | |
| 650 | 0 | |a Funciones |9 263869 | |
| 650 | 0 | |a Ecuaciones diferenciales |9 260083 | |
| 650 | 0 | |a Ecuaciones lineales |9 342219 | |
| 583 | |a last modification |c 19960502 00:00:00 |k Rodrigo Vera | ||
| 999 | |c 247289 |d 247287 | ||